000 02244nam a22002657a 4500
003 OSt
005 20210323111854.0
008 210323s2011 ck ||||gr|||| 001 0dspa d
020 _a9789589863749
040 _aCO-JMCR
_cCO-JMCR
041 0 _aspa
082 0 4 _a336.23 /
_bC172i
_221
100 1 _aCamacho Montoya, Álvaro,
_eautor
_920058
245 1 3 _aEl impuesto predial :
_banálisis desde una perspectiva nacional : vinculo con el Catastro /
_cÁlvaro Camacho Montoya
260 _aBogotá :
_bInstituto Colombiano de Derecho Tributario,
_c2011
300 _a214 páginas ;
_c24 cm.
500 _aIncluye notas a pie de páginas e índice alfabético.
504 _aBibliografía: páginas 198-202
505 0 _aHistoria y concepto del Impuesto Predial -- Aspectos generales del Impuesto Predial -- Elementos del impuesto predial -- Vinculo entre el Impuesto Predial y el Catastro -- Aspectos específicos del Impuesto Predial -- Porcentaje ambiental de los gravámenes a la Propiedad inmueble -- Compensación del Impuesto Predial
520 3 _aEn Colombia existen alrededor de catorce millones de predios registrados en los catastros, lo que nos da una idea de la relevancia y el impacto del Impuesto Predial. Este gravamen causa, además, una especial sensibilidad en la población. Lo anterior se aprecia fácilmente cuando una norma incrementa las tarifas, o cuando el Catastro realiza su labor de actualización del valor de lo predios. En la obra se presenta un breve relato sobre los antecedentes históricos del Impuesto Predial y su evolución en el país, se analizan los diversos sistemas para su determinación (facturación, autoavalúo y mixto)y los elementos que componen el impuesto (sujetos pasivos, hecho generador, base gravable, tarifas, etc.) desde una perspectiva de la legislación nacional. También se presentan algunas reflexiones e inquietudes sobre la estructura del tributo en general y su futuro. Finalmente se incluye un anexo de las más importantes disposiciones del orden nocional de los últimos 20 años.
650 1 4 _aImpuesto Predial
_vHistoria
_zColombia
_936422
650 2 4 _aImpuesto predial
_zColombia
_936423
650 2 4 _aImpuestos inmobiliarios
_zColombia
_936424
942 _2ddc
_cBK
999 _c15462
_d15462